2026 Puerto Rico World Baseball Classic Roster MLB Players Only - Statistics

General Stats
  • This quiz has been taken 11 times
  • The average score is 8 of 26
Answer Stats
Player Number Position MLB Team % Correct
Edwin Diaz 39 P Dodgers
78%
Fernando Cruz 63 P Yankees
78%
Christian Vazquez 7 C Twins
56%
Luis Vazquez 8 Inf Orioles
56%
Matthew Lugo 6 OF Angels
56%
Nolan Arenado 28 Inf Diamondbacks
56%
Seth Lugo 67 P Royals
56%
Martin Maldonado 15 C Padres
44%
Yadier Molina 4 Manager Cardinals
44%
Eddie Rosario 17 OF Braves
33%
Elmer Rodriguez 18 P Yankees
33%
Emmanueal Rivera 26 Inf Orioles
33%
Heliot Ramos 22 OF Giants
33%
MJ Melendez 10 OF Mets
22%
Rico Garcia 52 P Orioles
22%
Willi Castro 3 OF Rockies
22%
Bryan Torres 2 OF Cardinals
11%
Carlos Cortes 14 OF Athletics
11%
Darell Hernaiz 23 Inf Athletics
11%
Edwin Arroyo 13 Inf Reds
11%
Jorge Lopez 48 P Nationals
11%
Jose De Leon 87 P Red Sox
11%
Jovani Moran 16 P Red Sox
11%
Jose Espada 35 P Orioles
0%
Raymond Burgos 29 P Giants
0%
Yacksel Rios 75 P Mets
0%
No matching quizzes found
Score Distribution
Percent of People with Each Score
Percentile by Number Answered
Your Score History
You have not taken this quiz